Návrh a implementácia webového portálu Chemical Papers

Salvato in:
Dettagli Bibliografici
Autore principale: Štofa, Jozef (Autore)
Altri autori: Čirka, Ľuboš (Relatore della tesi)
Natura: Manoscritto Libro
Lingua:slovacco
Pubblicazione: 2021
Soggetti:
Accesso online:http://is.stuba.sk/zp/portal_zp.pl?podrobnosti=157533
Tags: Aggiungi Tag
Nessun Tag, puoi essere il primo ad aggiungerne!!

MARC

LEADER 00000ntm a22000003a 4500
001 stuzp84895
003 SK-STU
005 20210605211112.6
007 ta
008 150427s2015----xo-----f-mn---000-0-slo-d
040 |a STU  |b slo 
041 0 |a slo 
100 1 |a Štofa, Jozef  |u 047220  |k Z4  |4 aut  |U FCHPT Ústav informatizácie, automatizácie a matematiky  |T FCHPT Oddelenie informatizácie a riadenia procesov  |X 82064  |U C7220  |Y 121  |7 82064 
242 0 1 |a Design and Implementation of the Chemical Papers Web Portal  |y eng 
245 1 0 |a Návrh a implementácia webového portálu Chemical Papers 
260 |c 2021 
650 4 |a databáza  |2 slo 
650 4 |a framework  |2 slo 
650 4 |a HTML  |2 slo 
650 4 |a Laravel  |2 slo 
650 4 |a webový portál  |2 slo 
650 4 |a CSS  |2 slo 
650 4 |a PHP  |2 slo 
650 4 |a database  |2 eng 
650 4 |a web portal  |2 eng 
650 4 |a framework  |2 eng 
650 4 |a HTML  |2 eng 
650 4 |a CSS  |2 eng 
650 4 |a PHP  |2 eng 
650 4 |a Laravel  |2 eng 
700 1 |a Čirka, Ľuboš  |u 047220  |k Z1  |4 ths  |U FCHPT Ústav informatizácie, automatizácie a matematiky  |T FCHPT Oddelenie informatizácie a riadenia procesov  |X 101  |U C7220  |Y 121  |7 A000000101 
856 4 |u http://is.stuba.sk/zp/portal_zp.pl?podrobnosti=157533